Statistics for Marilyn Monroe Movies

Click here to take the quiz!

General Stats

  • This quiz has been taken 396 times
  • The average score is 9 of 33

Answer Stats

YearMovie% Correct
1959Some Like It Hot
91%
1953Gentlemen Prefer Blondes
79%
1955The Seven Year Itch
77%
1961The Misfits
64%
1956Bus Stop
59%
1953How to Marry a Millionaire
59%
1950All About Eve
53%
1957The Prince and the Showgirl
46%
1953Niagra
43%
1960Let's Make Love
38%
1954River of No Return
36%
1952Monkey Business
35%
1950The Asphalt Jungle
30%
1954There's No Business Like Show Business
30%
1952Don't Bother to Knock
27%
1948Ladies of the Chorus
18%
1952We're Not Married!
17%
1949Love Happy
13%
1951Let's Make It Legal
12%
1951Love Nest
12%
1952O. Henry's Full House
12%
1952Clash By Night
11%
1951As Young as You Feel
10%
1950The Fireball
8%
1950A Ticket to Tomahawk
7%
1951Home Town Story
7%
1948Scudda Hoo! Scudda Hay!
6%
1963Marilyn
5%
1950Right Cross
5%
1947Dangerous Years
4%
1947The Shocking Miss Pilgrim
2%
1948You Were Meant For Me
2%
1948Green Grass of Wyoming
1%

Score Distribution

Percentile by Number Answered

Percent of People with Each Score

Your Score History

You have not taken this quiz